Japanese Cities in Autumn/Fall - Statistics

General Stats
  • This quiz has been taken 18 times
  • The average score is 5 of 9
Answer Stats
Picture Answer % Correct
Kyoto
100%
Tokyo
88%
Kobe
63%
Nara
63%
Kanazawa
38%
Fukuoka
31%
Mito
31%
Nagasaki
31%
Saga
31%
No matching quizzes found
Score Distribution
Percent of People with Each Score
Percentile by Number Answered
Your Score History
You have not taken this quiz